000 00277nam a22001337a 4500
008 180922b xxu||||| |||| 00| 0 eng d
020 _a9781610916103
041 _aeng
080 _a371
100 _a25
101 _aEDU
245 _aLeadership
_cLussier
942 _2udc
_cBK
999 _c48252
_d48252